| 000 | 00602nam a2200193 i 4500 | ||
|---|---|---|---|
| 001 | 187750 | ||
| 003 | ES-MaACL | ||
| 005 | 20251003150636.0 | ||
| 008 | 180206s1962 sp |||| | spa d | ||
| 100 | 1 |
_aHunter, Evan, _d1926-2005 _9164215 |
|
| 245 | 1 | 3 |
_aLa jungla de pizarra / _cEvan Hunter ; [versión... de Miguel Rubio]. |
| 260 |
_aBarcelona : _bLuis de Caralt, _c[1962] |
||
| 300 |
_a377 p. ; _c24 cm. |
||
| 490 | 1 | _aColección Gigante | |
| 700 | 1 |
_aRubio, Miguel, _d1943- _9164216 |
|
| 830 | 0 |
_aColección Gigante _9181935 |
|
| 852 |
_aES-MaACL _jC-24105 |
||
| 999 |
_c187750 _d187750 |
||